000 00634nam a2200241Ia 4500
001 1368
005 20240113233455.0
007 ta
008 050203s1998 a g b000 u eng u
020 _cHB
040 _aRef. stack
041 _aeng
082 _a891.4103
_bHa 339 Aa
100 _aHazarika, surjya .
245 0 _aAadhunik Asomiya Biswakosh Vol. 1 /
_cSurjya Hazarika et.. al .
_hTextual Documents
250 _a1st ed /
260 _aGuwahati :
_bBani Mandir ,
_c1998.
300 _a254p. :
_bill ;
_c28cm .
653 _aEncyclopaedia - Assamese
942 _2ddc
_cBK
999 _c1365
_d1365